| 000 | 00536nam a2200193 a 4500 | ||
|---|---|---|---|
| 005 | 20140310183313.0 | ||
| 008 | 051010s19uu xx 00 eng d | ||
| 020 | _a0534551920 | ||
| 050 |
_aPN 4129.15 _b.Se45 2005 |
||
| 100 | _aSellnow, Deanna | ||
| 245 |
_aConfident public speaking / _cDeanna D. Sellnow. |
||
| 250 | _a2nd ed. | ||
| 260 |
_aBelmont, CA : _bThomson Wadsworth, _c2005. |
||
| 300 |
_axxiv, 461 p. : _bcol. ill. ; _c25 cm. |
||
| 521 | _aMC | ||
| 650 | _aPublic speaking. | ||
| 942 |
_cBK _2lcc _kFOR |
||
| 999 |
_c21216 _d21216 |
||